Writing `home': mediating between `the local' and `the literary' in a selection of postcolonial women's texts (Record no. 65313)

000 -LEADER
fixed length control field 00403pab a2200133 454500
008 - FIXED-LENGTH DATA ELEMENTS--GENERAL INFORMATION
fixed length control field 180718b2005 xxu||||| |||| 00| 0 eng d
100 ## - MAIN ENTRY--PERSONAL NAME
Personal name Narain, Denise Decaires
245 ## - TITLE STATEMENT
Title Writing `home': mediating between `the local' and `the literary' in a selection of postcolonial women's texts
260 ## - PUBLICATION, DISTRIBUTION, ETC.
Date of publication, distribution, etc. 2005
300 ## - PHYSICAL DESCRIPTION
Extent p.497-508.
650 ## - SUBJECT ADDED ENTRY--TOPICAL TERM
Topical term or geographic name entry element Women
773 ## - HOST ITEM ENTRY
Main entry heading Third World Quarterly
909 ## -
-- 65313
Holdings
Withdrawn status Lost status Damaged status Not for loan Permanent Location Current Location Date acquired Serial Enumeration / chronology Barcode Date last seen Price effective from Koha item type
        Indian Institute of Public Administration Indian Institute of Public Administration 2018-07-19 Volume no: 26, Issue no: 3 AR65765 2018-07-19 2018-07-19 Articles

Powered by Koha